| 000 | 00356cam a2200133ua 4500 | ||
|---|---|---|---|
| 020 | _a9788189928469 | ||
| 082 |
_a621.43 _bMAT/IN |
||
| 100 |
_aM.L, Mathur . _91391 |
||
| 100 |
_aR.P, Sharma . _91392 |
||
| 245 | 0 | 0 | _aInternal Combustion Engines / |
| 260 |
_aNew Delhi : _bDhanpat Rai Publishing Co. Pvt. Ltd. , _c2012 |
||
| 300 | _a1010 ; . | ||
| 942 | _cBK | ||
| 999 |
_c13403 _d13403 |
||